Kế toán dành cho giám đốc

Sách gồm 10 chương được tham khảo từ những tài liệu mới nhất trong nước và nước ngoài, đồng thời cập nhật đầy đủ những thay đổi về phương pháp xử lý, đưa những tình huống thực tế mà giám đốc doanh nghiệp cần quan tâm....

全面介紹

Đã lưu trong:
書目詳細資料
主要作者: Phan, Đức Dũng
格式: 圖書
語言:Undetermined
出版: Hà Nội Giao thông vận tải 2008
主題:
標簽: 添加標簽
沒有標簽, 成為第一個標記此記錄!
Thư viện lưu trữ: Trung tâm Học liệu Trường Đại học Cần Thơ
LEADER 00953nam a2200205Ia 4500
001 CTU_133122
008 210402s9999 xx 000 0 und d
020 |c 84000 
082 |a 658.1511 
082 |b D513 
100 |a Phan, Đức Dũng 
245 0 |a Kế toán dành cho giám đốc 
245 0 |c Phan Đức Dũng 
260 |a Hà Nội 
260 |b Giao thông vận tải 
260 |c 2008 
520 |a Sách gồm 10 chương được tham khảo từ những tài liệu mới nhất trong nước và nước ngoài, đồng thời cập nhật đầy đủ những thay đổi về phương pháp xử lý, đưa những tình huống thực tế mà giám đốc doanh nghiệp cần quan tâm. 
650 |a Managerial acounting,Kế toán quản trị 
904 |i Trọng Hải 
980 |a Trung tâm Học liệu Trường Đại học Cần Thơ